01151nam a2200289Ia 4500001001200000003000800012006001900020007001500039008004100054020001500095040002100110035002000131050002700151100002500178245010500203260003900308300002400347504005100371533015200422650002300574650004700597650002500644655002900669700002000698710001700718856012600735ebr10053306CaPaEBRm u cr cn|||||||||040626s2002 maua gsb 001 0 eng d z0306475766 aCaPaEBRcCaPaEBR a(OCoLC)7072184514aTK8360.O67bS28 2002eb1 aSavoj, Jafar,d1974-10aHigh-speed CMOS circuits for optical receiversh[electronic resource] /cJafar Savoj, Behzad Razavi. aBoston :bKluwer Academic,cc2002. axiv, 124 p. :bill. aIncludes bibliographical references and index. aElectronic reproduction.bPalo Alto, Calif. :cebrary,d2009.nAvailable via World Wide Web.nAccess may be limited to ebrary affiliated libraries. 0aOptical detectors. 0aMetal oxide semiconductors, Complementary. 0aIntegrated circuits. 7aElectronic books.2local1 aRazavi, Behzad.2 aebrary, Inc.40uhttp://site.ebrary.com/lib/rucke/Doc?id=10053306zAn electronic book accessible through the World Wide Web; click to view